[Event "AUTO-OPEN-905"]
[Site "http://www.queenalice.com/game.php?id=305686"]
[Date "2007.11.17"]
[Round "1"]
[White "shaka"]
[Black "lelinho"]
[Result "0-1"]
[WhiteElo "1890"]
[BlackElo "1709"]

1. e4 c5 2. c3 d6 3. d4 cxd4 4. cxd4 Nf6 5. Nc3 g6 6. Nf3 Bg7 7. Be2 Nc6 8. O-O
O-O 9. d5 Ne5 10. Nxe5 dxe5 0-1

[Event "AUTO-OPEN-905"]
[Site "http://www.queenalice.com/game.php?id=305689"]
[Date "2007.11.17"]
[Round "1"]
[White "hooligan"]
[Black "shaka"]
[Result "0-1"]
[WhiteElo "1340"]
[BlackElo "1890"]

1. e4 e6 2. d3 d5 3. exd5 exd5 4. h4 Nf6 5. Nf3 Bg4 6. a4 Be7 7. h5 Bxh5 8. a5
O-O 9. Be2 Bb4+ 10. c3 Bd6 11. Ra4 Re8 12. c4 Bxf3 13. gxf3 dxc4 14. Rxc4 Nc6
15. Rch4 Bb4+ 16. Nc3 Bxa5 17. Bd2 Qxd3 18. Ne4 Bxd2+ 19. Nxd2 Rad8 20. Kf1 Qxd2
21. Qxd2 Rxd2 22. Bc4 Ne5 23. Bxf7+ Nxf7 24. f4 Ree2 25. Kg2 Rxf2+ 26. Kg3 Nd6
27. Ra1 Nf5+ 28. Kh3 Rf3# 0-1

[Event "AUTO-OPEN-906"]
[Site "http://www.queenalice.com/game.php?id=306114"]
[Date "2007.11.18"]
[Round "1"]
[White "Alcar"]
[Black "shaka"]
[Result "0-1"]
[WhiteElo "1684"]
[BlackElo "1748"]

1. d4 d5 2. c4 dxc4 3. Nc3 a6 4. a4 Nc6 5. e3 Na5 6. Nf3 Nf6 7. Be2 g6 8. Ne5
Bg7 9. Nxc4 Nxc4 10. Bxc4 O-O 11. O-O Bf5 12. Bb3 Qd6 13. f3 c5 14. Ne2 cxd4 15.
Nxd4 Bc8 16. Bd2 e5 17. Ne2 Be6 18. Bxe6 Qxe6 19. Nc3 Rfd8 20. Qc2 Nd5 21. Rad1
Rac8 22. Rc1 Nxc3 23. Bxc3 Bh6 24. Rfe1 f5 25. f4 exf4 26. exf4 Qb6+ 27. Kf1
Bxf4 28. Rcd1 Bxh2 29. Qf2 Qc7 30. Rxd8+ Rxd8 31. Bd4 Qc4+ 32. Re2 Rxd4 33. Qf3
Rd1+ 34. Kf2 Qh4+ 35. g3 Bg1+ 36. Kg2 Qh2# 0-1

[Event "AUTO-OPEN-906"]
[Site "http://www.queenalice.com/game.php?id=306115"]
[Date "2007.11.18"]
[Round "1"]
[White "shaka"]
[Black "Alcar"]
[Result "1-0"]
[WhiteElo "1684"]
[BlackElo "1694"]

1. e4 c5 2. d4 cxd4 3. c3 e5 4. cxd4 exd4 5. Qxd4 Nc6 6. Qa4 a6 7. Nc3 Nf6 8.
Nf3 d6 9. Be2 Bd7 10. O-O Ne5 11. Qd4 Nc6 12. Qd3 Be6 13. Ng5 h6 14. Nxe6 fxe6
15. Rd1 Ne5 16. Qh3 Qd7 17. f4 Nf7 18. e5 Nd5 19. Nxd5 exd5 20. e6 Qc7 21. Bh5
Kd8 22. Bxf7 Be7 23. Be3 Qc2 24. Bb6+ 1-0

[Event "AUTO-OPEN-906"]
[Site "http://www.queenalice.com/game.php?id=306136"]
[Date "2007.11.18"]
[Round "1"]
[White "salso"]
[Black "shaka"]
[Result "0-1"]
[WhiteElo "2105"]
[BlackElo "1778"]

1. d4 Nf6 2. Nc3 d5 3. Bf4 Bf5 4. Nf3 e6 5. Ne5 Nbd7 6. Bg5 Be7 7. e3 Nxe5 8.
dxe5 Nd7 9. Bf4 c5 10. Bd3 Bxd3 11. cxd3 O-O 12. O-O Qb6 13. Qb3 Qxb3 14. axb3
a6 15. d4 Rac8 16. f3 f6 17. exf6 Bxf6 18. Bd6 Rfe8 19. Rfd1 cxd4 20. exd4 Rc6
21. Ba3 Rec8 22. Rac1 a5 23. b4 axb4 24. Bxb4 Rc4 25. Ne2 Bxd4+ 26. Nxd4 Rxc1
27. Rxc1 Rxc1+ 28. Kf2 e5 29. Nf5 Rc2+ 30. Kg3 d4 31. f4 exf4+ 32. Kxf4 Rxb2 33.
Ba3 Rf2+ 34. Ke4 Nf6+ 35. Ke5 d3 36. Ng3 d2 0-1

[Event "AUTO-OPEN-906"]
[Site "http://www.queenalice.com/game.php?id=306137"]
[Date "2007.11.18"]
[Round "1"]
[White "shaka"]
[Black "salso"]
[Result "1-0"]
[WhiteElo "1684"]
[BlackElo "2119"]

1. c4 e5 2. Nc3 f5 3. d4 e4 4. Nh3 Nf6 5. Bg5 c6 6. Nf4 Bb4 7. e3 O-O 8. Be2 Qa5
9. Qb3 d5 10. cxd5 Bxc3+ 11. bxc3 cxd5 12. Bxf6 gxf6 13. Qxd5+ Qxd5 14. Nxd5 Na6
15. Rb1 Be6 16. Ne7+ Kg7 17. Rxb7 Nb8 18. d5 Bf7 19. Nxf5+ Kg6 20. Ne7+ Kh6 21.
O-O Be8 22. f3 Nd7 23. Nf5+ Kg5 24. fxe4 Ne5 25. h4+ Kg6 26. Rg7# 1-0

[Event "AUTO-OPEN-906"]
[Site "http://www.queenalice.com/game.php?id=306148"]
[Date "2007.11.18"]
[Round "1"]
[White "Tessaro"]
[Black "shaka"]
[Result "1-0"]
[WhiteElo "1986"]
[BlackElo "1700"]

1. d4 Nf6 2. c4 g6 3. Nc3 d5 4. Nf3 Bg7 5. Bf4 O-O 6. cxd5 Nxd5 7. Nxd5 Qxd5 8.
Bxc7 Nc6 9. e3 Bf5 10. Bd3 Bxd3 11. Qxd3 Rac8 12. Bg3 Nb4 13. Qb3 Nc2+ 14. Ke2
Nxa1 15. Qxd5 1-0

[Event "AUTO-OPEN-906"]
[Site "http://www.queenalice.com/game.php?id=306149"]
[Date "2007.11.18"]
[Round "1"]
[White "shaka"]
[Black "Tessaro"]
[Result "1/2-1/2"]
[WhiteElo "1729"]
[BlackElo "1910"]

1. e4 e6 2. d4 d5 3. e5 c5 4. c3 cxd4 5. cxd4 Bb4+ 6. Bd2 Bxd2+ 7. Qxd2 Ne7 8.
Nf3 O-O 9. Bd3 Nbc6 10. Nc3 Bd7 11. O-O Nb4 12. a3 Nxd3 13. Qxd3 Qb6 14. b4 Nf5
15. Rac1 Rac8 16. b5 Rc7 17. Na4 Qa5 18. Rxc7 Bxb5 19. Rc5 a6 20. Rxb5 axb5 21.
Nc5 b6 22. Nb3 Qxa3 23. Qxb5 g6 24. Qxb6 Ra8 25. g4 1/2-1/2

[Event "AUTO-OPEN-906"]
[Site "http://www.queenalice.com/game.php?id=414607"]
[Date "2008.6.7"]
[Round "2"]
[White "Dalri_Ultreya"]
[Black "shaka"]
[Result "0-1"]
[WhiteElo "1624"]
[BlackElo "1853"]

1. d4 d5 2. Nf3 Nf6 3. Bf4 c5 4. dxc5 e6 5. b4 Nc6 6. e3 Nxb4 7. c3 Nc6 8. Bb5
Bxc5 9. Ne5 Bd7 10. Nxd7 Qxd7 11. O-O O-O 12. c4 Rad8 13. Nc3 dxc4 14. Qa4 a6
15. Bxc4 b5 16. Bxb5 axb5 17. Qxb5 Bb4 18. Rad1 Qc8 19. Rxd8 Rxd8 20. Ne2 Rd5
21. Qc4 Qd7 22. Qb3 e5 23. Bg5 Ne4 24. Bh4 Nd2 25. Qa4 Nxf1 26. Qa8+ Bf8 27. Nc3
Nd2 28. Nxd5 Qxd5 29. Qa4 Qd3 30. h3 Qb1+ 31. Kh2 Nf1+ 32. Kg1 Ng3+ 33. Kh2 Ne2
34. Qxc6 Qg1# 0-1

[Event "AUTO-OPEN-906"]
[Site "http://www.queenalice.com/game.php?id=414608"]
[Date "2008.6.7"]
[Round "2"]
[White "shaka"]
[Black "Dalri_Ultreya"]
[Result "1-0"]
[WhiteElo "1839"]
[BlackElo "1629"]

1. d4 d5 2. c4 dxc4 3. Nf3 Bf5 4. Nc3 a6 5. e4 Bg4 6. Bxc4 e6 7. Be2 Bb4 8. O-O
Nf6 9. h3 Bh5 10. e5 Nd5 11. Bg5 Qd7 12. Qb3 O-O 13. Nxd5 exd5 14. Qxb4 a5 15.
Qxb7 Nc6 16. Qb3 Bg6 17. Bb5 Rab8 18. Rac1 Nxd4 19. Nxd4 c6 20. Nxc6 f6 21. Nxb8
Qe6 22. Nd7 Rf7 23. Rc8+ 1-0

[Event "AUTO-OPEN-1230"]
[Site "http://www.queenalice.com/game.php?id=448896"]
[Date "2008.8.15"]
[Round "1"]
[White "shaka"]
[Black "RedBaronIII"]
[Result "0-1"]
[WhiteElo "1846"]
[BlackElo "1956"]

1. e4 Nf6 2. e5 Nd5 3. d4 d6 4. Nf3 Bg4 5. Be2 dxe5 6. Nxe5 Bxe2 7. Qxe2 Nd7 8.
O-O e6 9. c4 Ne7 10. Nc3 Ng6 11. Nxd7 Qxd7 12. Bg5 Bb4 13. Qe4 c6 14. a3 Bxc3
15. bxc3 O-O 16. c5 b6 17. cxb6 axb6 18. Rfb1 b5 0-1

[Event "AUTO-OPEN-1230"]
[Site "http://www.queenalice.com/game.php?id=448897"]
[Date "2008.8.15"]
[Round "1"]
[White "RedBaronIII"]
[Black "shaka"]
[Result "1-0"]
[WhiteElo "1878"]
[BlackElo "1868"]

1. e4 d5 2. exd5 Qxd5 3. Nf3 Nf6 4. Nc3 Qa5 5. Bc4 Bg4 6. h3 Bh5 7. d3 c6 8. Bd2
Qc7 9. O-O Nbd7 10. Qe2 e6 11. Ne4 Bd6 12. Nxd6+ Qxd6 13. g4 Bg6 14. a3 O-O 15.
Rae1 a5 16. Ba2 h6 17. Ne5 Nxe5 18. Qxe5 Qxe5 19. Rxe5 1-0

[Event "AUTO-OPEN-1230"]
[Site "http://www.queenalice.com/game.php?id=448898"]
[Date "2008.8.15"]
[Round "1"]
[White "shaka"]
[Black "soul_ring"]
[Result "1-0"]
[WhiteElo "1866"]
[BlackElo "1500"]

1. e4 c6 2. d4 d5 3. f3 dxe4 4. fxe4 e6 5. Nf3 Ne7 6. Nc3 g6 7. Bg5 Bg7 8. Qd2
O-O 9. O-O-O Nd7 10. h4 Re8 11. h5 b6 12. hxg6 fxg6 13. Bh6 Bb7 14. Bxg7 Kxg7
15. Qh6+ Kh8 16. Qxh7# 1-0

[Event "AUTO-OPEN-1230"]
[Site "http://www.queenalice.com/game.php?id=448899"]
[Date "2008.8.15"]
[Round "1"]
[White "soul_ring"]
[Black "shaka"]
[Result "1-0"]
[WhiteElo "1489"]
[BlackElo "1831"]

1. c4 e5 2. Nc3 Nf6 3. Nf3 Nc6 4. g3 d5 5. cxd5 Nxd5 6. Bg2 Nb6 7. O-O Be7 8. d3
O-O 9. Be3 Be6 10. Qd2 f6 11. Rac1 Nd5 12. Nxd5 Bxd5 13. b3 Ba3 14. Bc5 Bxc1 15.
Rxc1 Rf7 16. Bh3 Bxf3 17. exf3 b6 18. Bxb6 axb6 19. Rxc6 f5 20. Qc2 Qd7 21. a4
Re8 22. b4 Ra8 23. b5 1-0

[Event "AUTO-OPEN-906"]
[Site "http://www.queenalice.com/game.php?id=457076"]
[Date "2008.9.2"]
[Round "3"]
[White "Brandon"]
[Black "shaka"]
[Result "1-0"]
[WhiteElo "2453"]
[BlackElo "1831"]

1. e4 c5 2. Nf3 e6 3. d4 cxd4 4. Nxd4 a6 5. Bd3 Nf6 6. O-O Qc7 7. Nc3 Nc6 8. Be3
b5 9. Qe2 Bb7 10. Nxc6 Qxc6 11. a3 d5 12. exd5 Nxd5 13. Nxd5 Qxd5 14. f3 1-0

[Event "AUTO-OPEN-906"]
[Site "http://www.queenalice.com/game.php?id=457077"]
[Date "2008.9.2"]
[Round "3"]
[White "shaka"]
[Black "Brandon"]
[Result "0-1"]
[WhiteElo "1795"]
[BlackElo "2454"]

1. c4 c5 2. Nf3 Nf6 3. g3 d5 4. cxd5 Nxd5 5. Bg2 Nc6 6. Nc3 e6 7. O-O Be7 8. d4
O-O 9. e4 Ndb4 10. a3 cxd4 11. axb4 dxc3 12. bxc3 b6 13. Bf4 Bb7 0-1